Historia de las doctrinas economicas / (Registro nro. 18250)

Detalles MARC
000 -LEADER
fixed length control field 01296nam a2200325 4500
001 - CONTROL NUMBER
control field 0000013465
003 - CONTROL NUMBER IDENTIFIER
control field CO-CtgCURN
005 - DATE AND TIME OF LATEST TRANSACTION
control field 20250506234326.0
007 - PHYSICAL DESCRIPTION FIXED FIELD--GENERAL INFORMATION
fixed length control field ta
008 - FIXED-LENGTH DATA ELEMENTS--GENERAL INFORMATION
fixed length control field 160627s1942 000 0 eng d
020 ## - INTERNATIONAL STANDARD BOOK NUMBER
International Standard Book Number 9681604601
040 ## - CATALOGING SOURCE
Original cataloging agency CO-CtgCURN
Language of cataloging spa
Transcribing agency coctgcurn
082 0# - DEWEY DECIMAL CLASSIFICATION NUMBER
Classification number 330.9
Item number R65h
100 1# - MAIN ENTRY--PERSONAL NAME
Personal name Roll, Eric.
245 10 - TITLE STATEMENT
Title Historia de las doctrinas economicas /
Statement of responsibility, etc. Eric Roll , traducción de Florentino M. Torner.
260 ## - PUBLICATION, DISTRIBUTION, ETC.
Place of publication, distribution, etc. Mexico :
Name of publisher, distributor, etc. Fondo de cultura economica,
Date of publication, distribution, etc. 1942.
300 ## - PHYSICAL DESCRIPTION
Extent 613 p.
336 ## - CONTENT TYPE
Source rdacontent
337 ## - MEDIA TYPE
Source rdamedia
Media type term sin mediacion
Media type code n
338 ## - CARRIER TYPE
Source rdacarrier
Carrier type term volumen
Carrier type code nc
490 1# - SERIES STATEMENT
Series statement Sección de obras de economia
500 ## - GENERAL NOTE
General note Incluye indice\Notas bibliograficas al pie del texto.
504 ## - BIBLIOGRAPHY, ETC. NOTE
Bibliography, etc. note Bibliografia (p. 599-602)
505 8# - FORMATTED CONTENTS NOTE
Formatted contents note Antiguo testamento.--Grecia. Platon. Aristoteles.--Imperio romano.--Cristianismo.--Edad media.--Derecho canonico.--Capitalismo comercial.--Mercantilismo.--Sistema clasico.--Filosofos politicos.--Clasicismo.--Reacción y Revolucion.--Marx.--Transicion.--Economia moderna
650 14 - SUBJECT ADDED ENTRY--TOPICAL TERM
Topical term or geographic name entry element Economia
Form subdivision Historias.
700 1# - ADDED ENTRY--PERSONAL NAME
Personal name Torner, Florentino M.,
Relator term Traductor.
908 ## - PUT COMMAND PARAMETER (RLIN)
Put command parameter 160627
942 ## - ADDED ENTRY ELEMENTS (KOHA)
Koha item type Libros
Classification part 330.9
Item part R65h
Source of classification or shelving scheme Dewey Decimal Classification
Suppress in OPAC No
Existencias
Withdrawn status Lost status Source of classification or shelving scheme Damaged status Not for loan Collection Home library Current library Shelving location Date acquired Inventory number Total checkouts Full call number Barcode Date last seen Price effective from Koha item type Public note
    Dewey Decimal Classification     General Miguel Henríquez Castañeda Miguel Henríquez Castañeda General 03/31/2025 002934   330.9 R65h 002934 03/31/2025 03/31/2025 Libros 330-ECONOM